| 000 | 00420nam a2200181Ia 4500 | ||
|---|---|---|---|
| 003 | OSt | ||
| 005 | 20250120143807.0 | ||
| 008 | 231217s9999 xx 000 0 und d | ||
| 020 | _a9788120311800 | ||
| 040 | _c0 | ||
| 041 | _aEnglish | ||
| 082 | _a658.05 SAD;5 | ||
| 100 | _aSadagopan, S. | ||
| 245 | 0 | _aManagement information systems | |
| 260 |
_c1997 _bPHI _aNew Delhi |
||
| 300 | _axii, 217 | ||
| 942 |
_cAA _2ddc |
||
| 999 |
_c197913 _d197913 |
||